000 00815nam a22002890a 4500
001 PT32595
003 AR-LpoUNG
005 20210131230020.0
008 191001s2004||||ag |||||||||||||||||spa d
020 _a9506700389
_c$4.75
040 _aAR-LpoUNG
_bspa
_cAR-LpoUNG
_eaacr
041 _aspa
044 _aag
082 0 _a982.098 212 228ras
100 1 _aBarba, Enrique M.
245 1 0 _aRastrilladas, huellas y caminos
250 _a1ª ed.
260 _aBuenos Aires :
_bArchivo Histórico de la Provincia de Buenos Aires,
_c2004.
650 4 _aANALISIS HISTORICO
650 4 _aARGENTINA
650 4 _aHISTORIA
651 4 _aArgentina
653 _aHISTORIA LOCAL
710 2 _aArchivo Histórico de la Provincia de Buenos Aires "Dr. Ricardo Levene" (La Plata)
905 _a32595
942 _cLIB
999 _c858
_d858